000 00742nam a2200229 i 4500
001 45579
003 ES-MaACL
005 20250828004901.0
007 t|
008 030326s1936 sp ||||1| spa d
100 1 _aCohn, Jonas.
_939522
245 1 0 _aPedagogía fundamental /
_cJonás Cohn ; traducción del alemán de F. Carmona Nenclares.
250 _a2ª ed.
260 _aMadrid :
_bRevista de Pedagogía,
_c[1936] (
_fTip. Nacional)
300 _a318 p. ;
_c24 cm.
490 1 _aBiblioteca de pedagogía ;
_v9
650 0 7 _aPedagogía
_2embne
_915904
700 1 _aCarmona Nenclares, Francisco.
_935350
830 0 _aBiblioteca de pedagogía ;
_v9
_9229940
852 _aES-MaACL
_jB-13389
_bR.18457
999 _c45579
_d45579